000 00509nam a2200193Ia 4500
003 GCL
008 140319s9999 xx 000 0 eng d
040 _aGCL /
_cGCL
082 0 4 _a932
_bF A
100 1 _aAHMED FAKHRY
245 1 0 _aAN ARCHAEOLOGICAL JOURNEY TO YEMEN PART 1&2 /
_cAHMED FAKHRY
700 1 _aRYCKMANS, G
260 _a[S.N] :
_bSERVICE DES ANTIQUITES DE L'EGYPTE ،
_c1952
300 _a187\81
650 0 4 _aANCIENT EGYPT
650 0 4 _aARCHAEOLOGY
650 0 4 _aYEMEN
942 _2ddc
_cBK
999 _c17808
_d17808